|
|
|
|
| LEADER |
01211nam a2200289 a 4500 |
| 001 |
0017828 |
| 003 |
BD-DhAAL |
| 008 |
090629s2005 enka 001 0 eng d |
| 020 |
|
|
|a 190470557X (pbk.) :
|c Đ17.95
|
| 020 |
|
|
|a 9781904705574
|
| 040 |
|
|
|a StDuBDS
|d Uk
|d BD-DhAAL
|
| 082 |
0 |
4 |
|a 775
|2 22
|
| 100 |
1 |
|
|a Freeman, Michael,
|d 1945-
|9 31867
|
| 245 |
1 |
0 |
|a Black and white /
|c Michael Freeman.
|
| 260 |
|
|
|a Lewes :
|b Ilex,
|c 2005.
|
| 300 |
|
|
|a 160 p. :
|b ill. (some col.) ;
|c 24 cm.
|
| 490 |
1 |
|
|a Digital photography expert
|
| 500 |
|
|
|a Includes index.
|
| 500 |
|
|
|a Formerly CIP.
|
| 526 |
|
|
|a ARC
|x Md. Shajjad Hossain,
Faculty members of the Department of Architecture
|
| 541 |
1 |
|
|e 00017828
|a Zeenat Book Supply LTD
|
| 650 |
|
0 |
|a Photography
|x Digital techniques.
|9 31868
|
| 650 |
|
0 |
|a Black-and-white photography.
|9 31869
|
| 852 |
4 |
|
|a Ayesha Abed Library
|c General Stacks
|
| 942 |
|
|
|2 ddc
|c BK
|
| 999 |
|
|
|c 1861
|d 1861
|
| 952 |
|
|
|0 0
|1 4
|2 ddc
|4 0
|6 775_000000000000000_FRE
|7 0
|9 1704
|a BRACUL
|b BRACUL
|c GEN
|d 2009-06-29
|e Zeenat Book Supply Limited
|g 2423.00
|l 0
|o 775 FRE
|p 3010017828
|r 2009-06-29
|t 1
|w 2009-06-29
|y BK
|x Koha Inventory 2020 ; Requisitioned by Md. Shajjad Hossain (Faculty members of the Department of Architecture).
|